01231naa a22003017a 4500001001000000003000900010005001700019007000300036008003400039040005400073041000900127072002000136090001800156100001900174100001900193100001900212111009500231245007400326260004200400500012500442650000900567650001300576773012200589909003600711942001400747999001900761952014900780BR8700596BR-BrBNA20240918175750.0ta230509b bl.||||| |||| 00| 0 por d aBR-BrBNAbporcBiblioteca Nacional de Agricultura a(Pt) aF04b2120bG514 aF04 BR87005961 aReis, G.N. dos1 aAmaral, J.L.S.1 aMatiello, J.B.1 a10. Congresso Brasileiro de Pesquisas CafeeirascPocos de Caldas, MG (Brazil)d29 Aug 19831 aEpoca de adubacao do cafeeiro - Vitoria da Conquista - Bahia [Brasil]3 aRio de Janeiro, RJ (Brasil): c1983.  aAnais do 10. Congresso Brasileiro de Pesquisas Cafeeiras Rio de Janeiro, RJ (Brasil): 1983. p. 99-100 (BR8700596-AM)F04  aCAFE aADUBACAO0 tAnais do 10. Congresso Brasileiro de Pesquisas CafeeiraswF04 BR8700596gRio de Janeiro, RJ (Brasil), 1983. p. 99-100 a202404bLuciac55dLucia Elande cAM2AGRIS c318038d318038 002AGRIS40708Acervo Gerala41918b41918cAgrobasel0o4500 BR9212514r2024-05-20t01yAM10d2024-04-11ePortaria Interministerial nÂș 164/94